000 00343nam a2200121 i 4500
001 bg
245 0 _aXXXIV Konferencja naukowa Komitetu Inżynierii Lądowej i Wodnej PAN.
_nT. 7,
_pModernizacja zasobów budowlanych.
260 _aGliwice,
_c1988.
040 _cBPK
041 _apol
942 _cKS
008 s pl f |000 0 pol
999 _c28579
_d28579
856 _uhttp://koha.tu.koszalin.pl/cgi-bin/koha/opac-detail.pl?biblionumber=28579
_yKatalog online BPK